[Event "Alekhine Memorial"]
[Site "Paris/St Petersburg FRA/RUS"]
[Date "2013.04.28"]
[EventDate "2013.04.21"]
[Round "6"]
[Result "1/2-1/2"]
[White "Maxime Vachier-Lagrave"]
[Black "Boris Gelfand"]
[WhiteElo "2722"]
[BlackElo "2739"]
[PlyCount "89"]

1. d4 Nf6 2. Nf3 g6 3. Bg5 Bg7 4. Nbd2 c5 5. c3 cxd4 6. cxd4
O-O 7. e3 Nc6 8. Bd3 d5 9. Qb3 Qb6 10. Rc1 Be6 11. Qxb6 axb6
12. a3 Rfc8 13. Ke2 Na5 14. Bb5 Kf8 15. Ne5 Ne4 16. Nxe4 Bxe5
17. Bh6+ Bg7 18. Bxg7+ Kxg7 19. Nd2 Bf5 20. Rc3 Rxc3 21. bxc3
Nc6 22. Ra1 Ra5 23. Bd3 b5 24. Nb3 Bxd3+ 25. Kxd3 Ra7 26. f3
b6 27. e4 e6 28. Kc2 f6 29. Kb2 Kf7 30. g4 Ne7 31. Re1 Ra8
32. Nd2 Nc8 33. f4 Nd6 34. e5 Nc4+ 35. Nxc4 bxc4 36. Ka2 b5
37. Rb1 Ra5 38. Rb4 h5 39. h3 hxg4 40. hxg4 f5 41. g5 Kg7
42. Kb2 Kf7 43. a4 bxa4 44. Rb7+ Kf8 45. Rb8+ 1/2-1/2

[Event "Alekhine Memorial"]
[Site "Paris/St Petersburg FRA/RUS"]
[Date "2013.04.29"]
[EventDate "2013.04.21"]
[Round "7"]
[Result "1/2-1/2"]
[White "Michael Adams"]
[Black "Maxime Vachier-Lagrave"]
[WhiteElo "2727"]
[BlackElo "2722"]
[PlyCount "85"]

1. e4 c5 2. Nf3 d6 3. d4 cxd4 4. Nxd4 Nf6 5. Nc3 a6 6. h3 e6
7. g4 d5 8. exd5 Nxd5 9. Nde2 Bb4 10. Bg2 O-O 11. O-O Bxc3
12. Nxc3 Nxc3 13. bxc3 Qc7 14. Rb1 Nc6 15. Be3 b5 16. c4 Rd8
17. Qe2 b4 18. c3 a5 19. a3 Bb7 20. Bc5 Rd7 21. cxb4 axb4
22. axb4 Nd4 23. Bxd4 Bxg2 24. Kxg2 Rxd4 25. b5 Rxc4 26. b6
Qb7+ 27. Qf3 Rb8 28. Rfd1 Qxf3+ 29. Kxf3 Kf8 30. Rd7 Rc6
31. Ra1 Rcxb6 32. Raa7 Kg8 33. Rxf7 Rf8 34. Rxf8+ Kxf8 35. h4
h6 36. h5 Rb3+ 37. Kf4 Rb4+ 38. Kg3 Rb3+ 39. f3 Rb4 40. Kf2
Rb3 41. Kg3 Rb4 42. Kf2 Rb3 43. Kg3 1/2-1/2

[Event "Alekhine Memorial"]
[Site "Paris/St Petersburg FRA/RUS"]
[Date "2013.04.30"]
[EventDate "2013.04.21"]
[Round "8"]
[Result "0-1"]
[White "Maxime Vachier-Lagrave"]
[Black "Nikita Vitiugov"]
[WhiteElo "2722"]
[BlackElo "2712"]
[PlyCount "96"]

1. e4 c6 2. d4 d5 3. e5 Bf5 4. h4 h5 5. c4 e6 6. Nc3 Ne7
7. Nge2 Nd7 8. Ng3 Bg6 9. cxd5 Nxd5 10. Be2 Qa5 11. Bd2 O-O-O
12. O-O Be7 13. Nce4 Qc7 14. Ng5 Bxg5 15. Bxg5 f6 16. exf6
gxf6 17. Bd2 Nf4 18. Re1 Nb6 19. Qb3 e5 20. Bxf4 exf4 21. Ne4
Rxd4 22. Bf3 Bxe4 23. Bxe4 Kb8 24. Bf3 Nc4 25. Qc3 Rhd8
26. Rad1 Rxd1 27. Rxd1 Ne5 28. Rxd8+ Qxd8 29. Bxh5 Qh8 30. Qd2
Kc8 31. Bd1 Qxh4 32. Qd6 Qg5 33. Qe6+ Kc7 34. Qe7+ Nd7 35. Qh7
Kd6 36. b4 Qe5 37. Qd3+ Qd5 38. Qe2 Ne5 39. a4 a6 40. Qe1 Qd3
41. Be2 Qc2 42. Bf1 f3 43. Qa1 Qd2 44. b5 c5 45. Qa3 fxg2
46. Bxg2 Nd3 47. Bxb7 Qxf2+ 48. Kh1 Qg3 0-1

[Event "Alekhine Memorial"]
[Site "Paris/St Petersburg FRA/RUS"]
[Date "2013.05.01"]
[EventDate "2013.04.21"]
[Round "9"]
[Result "1-0"]
[White "Levon Aronian"]
[Black "Maxime Vachier-Lagrave"]
[WhiteElo "2809"]
[BlackElo "2722"]
[PlyCount "84"]

1. d4 Nf6 2. Nf3 g6 3. c4 Bg7 4. Nc3 d5 5. cxd5 Nxd5 6. e4
Nxc3 7. bxc3 c5 8. Rb1 O-O 9. Be2 Nc6 10. d5 Ne5 11. Nxe5 Bxe5
12. Qd2 e6 13. f4 Bc7 14. O-O exd5 15. exd5 Ba5 16. f5 Bxf5
17. Rxb7 Qf6 18. Rf3 Qe5 19. Bc4 Bc8 20. Rb3 Bc7 21. Qh6 Qe1+
22. Rf1 Qe4 23. Bg5 Be5 24. Qh4 Qxh4 25. Bxh4 Bd6 26. Rf6 Be5
27. Rc6 Bd7 28. Ra6 Rfb8 29. Rxb8+ Rxb8 30. Rxa7 Bxc3 31. Rxd7
Rb4 32. d6 Rxc4 33. Be7 Kg7 34. Ra7 Rd4 35. d7 Rd1+ 36. Kf2 c4
37. g3 Rd2+ 38. Kf3 Rd3+ 39. Kg2 Rd2+ 40. Kh3 Bf6 41. d8=Q
Rxd8 42. Bxd8 Bxd8 1-0

[Event "European Individual Championship"]
[Site "Legnica POL"]
[Date "2013.05.05"]
[EventDate "2013.05.05"]
[Round "1.3"]
[Result "0-1"]
[White "Oleg Romanishin"]
[Black "Maxime Vachier-Lagrave"]
[WhiteElo "2504"]
[BlackElo "2718"]
[PlyCount "88"]

1. Nf3 g6 2. g3 Bg7 3. d4 Nf6 4. Bg2 d5 5. c4 dxc4 6. Qa4+ Nc6
7. Ne5 O-O 8. Nxc6 bxc6 9. Nc3 Qxd4 10. Qxc6 Bd7 11. Qa6 Rab8
12. O-O Be6 13. Qa3 Qb6 14. Rb1 c5 15. Be3 Nd7 16. Bf4 Be5
17. Rfd1 Bxf4 18. gxf4 Qc7 19. e3 Nf6 20. Qa4 Rfd8 21. Rxd8+
Rxd8 22. Rd1 Rd6 23. Rxd6 exd6 24. Qc6 Qb6 25. Qxb6 axb6
26. e4 Kg7 27. Bf3 Kf8 28. Kf1 Ke7 29. Ke2 Nd7 30. Ke3 f5
31. exf5 gxf5 32. Nd5+ Bxd5 33. Bxd5 b5 34. Bc6 b4 35. a4 bxa3
36. bxa3 Nf6 37. a4 d5 38. a5 Kd6 39. Bb7 Kc7 40. Ba8 h6
41. Kd2 Kb8 42. Bc6 Kc7 43. Ba8 d4 44. Bf3 Ne8 0-1

[Event "European Individual Championship"]
[Site "Legnica POL"]
[Date "2013.05.08"]
[EventDate "2013.05.05"]
[Round "4.5"]
[Result "1/2-1/2"]
[White "Maxime Vachier-Lagrave"]
[Black "Davit Shengelia"]
[WhiteElo "2718"]
[BlackElo "2546"]
[PlyCount "95"]

1. e4 c6 2. d4 d5 3. e5 Bf5 4. h4 h5 5. c4 e6 6. Nc3 Ne7
7. Nge2 Nd7 8. Ng3 Bg6 9. Be3 dxc4 10. Bxc4 Nb6 11. Be2 Ned5
12. Bg5 Be7 13. Nce4 f6 14. exf6 gxf6 15. Bd2 Qc7 16. Bxh5
Bxh5 17. Nxh5 O-O-O 18. Qe2 e5 19. O-O-O exd4 20. Nf4 Qd7
21. Nd3 Rde8 22. Qf3 Nc4 23. Ng3 Ne5 24. Nxe5 fxe5 25. h5 Rhf8
26. Qe2 d3 27. Qxd3 Rxf2 28. h6 Qg4 29. Rhf1 Rxg2 30. Qf5+
Qxf5 31. Nxf5 Kd7 32. Rg1 Rxg1 33. Rxg1 Bf6 34. Kc2 Rh8
35. Kd3 Ke6 36. Ke4 Rd8 37. Bc3 Nxc3+ 38. bxc3 Rd2 39. Rg8
Re2+ 40. Ne3 Rh2 41. Ng4 Kf7 42. Nxh2 Kxg8 43. Ng4 Bh8
44. Nxe5 b5 45. Kf5 Kh7 46. Nxc6 Bxc3 47. Nxa7 b4 48. Nc6
1/2-1/2

[Event "European Individual Championship"]
[Site "Legnica POL"]
[Date "2013.05.11"]
[EventDate "2013.05.05"]
[Round "7.4"]
[Result "1/2-1/2"]
[White "Maxime Vachier-Lagrave"]
[Black "Csaba Balogh"]
[WhiteElo "2718"]
[BlackElo "2644"]
[PlyCount "147"]

1. d4 d5 2. c4 c6 3. Nf3 Nf6 4. Nc3 dxc4 5. a4 Bf5 6. e3 e6
7. Bxc4 Bb4 8. O-O Nbd7 9. Qe2 Bg6 10. e4 O-O 11. Bd3 Bh5
12. e5 Nd5 13. Nxd5 cxd5 14. Qe3 Re8 15. Ng5 Bg6 16. Bxg6 fxg6
17. a5 Rc8 18. Qh3 Nf8 19. Qb3 Bxa5 20. Qxb7 Re7 21. Qa6 Bb6
22. Nf3 Rf7 23. Bg5 Qe8 24. Rfc1 Rfc7 25. Rxc7 Rxc7 26. Bd2
Qf7 27. Qd3 Qf5 28. Qxf5 gxf5 29. Bc3 h6 30. h4 Kf7 31. Kf1
Kg6 32. g3 Kh5 33. Ke2 Ng6 34. Ne1 f4 35. Kf3 fxg3 36. fxg3
Rf7+ 37. Kg2 Ne7 38. Nf3 Nf5 39. Re1 g5 40. hxg5 hxg5 41. Rh1+
Kg6 42. g4 Ne3+ 43. Kg3 Rf4 44. Nxg5 Rxg4+ 45. Kf3 Rxg5
46. Kxe3 Rxe5+ 47. Kd3 Rh5 48. Rxh5 Kxh5 49. b3 Kg4 50. Bd2
Kf3 51. Be1 Kg2 52. Bd2 Kf2 53. Bb4 a6 54. Bd2 Bc7 55. Bc3 Bf4
56. Bb4 Kf1 57. Bc3 Bg5 58. Bb4 Bh4 59. Ba5 Be1 60. Bd8 Bb4
61. Bh4 Ba3 62. Kd2 Bd6 63. Ke3 Bh2 64. Bg5 Ke1 65. Kd3 Kd1
66. Bd2 Bd6 67. Bg5 Ba3 68. Kc3 a5 69. Kd3 Bc1 70. Bd8 Bd2
71. Be7 Kc1 72. Ba3+ Kd1 73. Be7 Bb4 74. Bg5 1/2-1/2

[Event "French Team Championship"]
[Site "Haguenau FRA"]
[Date "2013.05.30"]
[EventDate "2013.05.30"]
[Round "1.2"]
[Result "1/2-1/2"]
[White "Krisztian Szabo"]
[Black "Maxime Vachier-Lagrave"]
[WhiteElo "2545"]
[BlackElo "2718"]
[PlyCount "55"]

1. e4 c5 2. Nf3 e6 3. d4 cxd4 4. Nxd4 Nc6 5. Nb5 d6 6. c4 Nf6
7. N1c3 a6 8. Na3 Qa5 9. Bd2 Be7 10. Bd3 Ne5 11. Be2 Qc7
12. O-O b6 13. Be3 Bb7 14. f3 O-O 15. Rc1 Rac8 16. Qd2 Qb8
17. Rfd1 Ba8 18. Kh1 Kh8 19. Na4 Nfd7 20. b4 f5 21. exf5 Rxf5
22. Nc2 Nxc4 23. Bxc4 Rxc4 24. Nd4 Rxc1 25. Qxc1 Re5 26. Bf4
Rd5 27. Nxe6 Ne5 28. Nd4 1/2-1/2

[Event "French Team Championship"]
[Site "Haguenau FRA"]
[Date "2013.06.01"]
[EventDate "2013.05.30"]
[Round "3.1"]
[Result "1-0"]
[White "Maxime Vachier-Lagrave"]
[Black "Fabian Doettling"]
[WhiteElo "2718"]
[BlackElo "2587"]
[PlyCount "131"]

1. e4 c6 2. d4 d5 3. e5 Bf5 4. Nf3 e6 5. Be2 Nd7 6. O-O Bg6
7. a4 Nh6 8. a5 a6 9. Nbd2 Be7 10. c4 O-O 11. Nb3 Nf5 12. Bf4
dxc4 13. Bxc4 c5 14. d5 b5 15. Be2 c4 16. d6 cxb3 17. g4 Nxd6
18. exd6 Bf6 19. Qxb3 e5 20. Be3 e4 21. Nd4 Be5 22. Nc6 Qh4
23. Nxe5 Nxe5 24. Bf4 Nxg4 25. Qg3 Qxg3+ 26. hxg3 Nf6 27. Rfd1
Bf5 28. Rac1 Be6 29. f3 Rfc8 30. Rc7 Nd5 31. Rxc8+ Rxc8
32. fxe4 Nxf4 33. gxf4 Bd7 34. e5 g5 35. fxg5 Rc5 36. Bf3 Rxe5
37. Bb7 Rxg5+ 38. Kf2 Rf5+ 39. Ke3 b4 40. Ra1 Bb5 41. Ke4 Rf2
42. Rd1 Re2+ 43. Kf4 Rf2+ 44. Ke4 Re2+ 45. Kd5 Kf8 46. Kc5 Ke8
47. b3 Kd7 48. Kb6 Re3 49. Bxa6 Bxa6 50. Kxa6 Rxb3 51. Kb7 Ra3
52. a6 b3 53. a7 b2 54. a8=Q Rb3+ 55. Ka7 Ra3+ 56. Kb8 Rxa8+
57. Kxa8 f5 58. Kb7 f4 59. Kb6 b1=Q+ 60. Rxb1 Kxd6 61. Rb5 Ke6
62. Rh5 f3 63. Rh3 Kf5 64. Rxf3+ Kg4 65. Rf7 h5 66. Rg7+ 1-0

[Event "French Team Championship"]
[Site "Haguenau FRA"]
[Date "2013.06.02"]
[EventDate "2013.05.30"]
[Round "4.1"]
[Result "1/2-1/2"]
[White "Evgeny Postny"]
[Black "Maxime Vachier-Lagrave"]
[WhiteElo "2637"]
[BlackElo "2718"]
[PlyCount "32"]

1. d4 Nf6 2. c4 g6 3. Nc3 d5 4. Bf4 Bg7 5. e3 O-O 6. cxd5 Nxd5
7. Nxd5 Qxd5 8. Bxc7 Na6 9. Bxa6 Qxg2 10. Qf3 Qxf3 11. Nxf3
bxa6 12. Rc1 f6 13. Rc5 Rf7 14. O-O Bf8 15. Rc2 Bb7 16. Nd2
Re8 1/2-1/2

[Event "French Team Championship"]
[Site "Haguenau FRA"]
[Date "2013.06.03"]
[EventDate "2013.05.30"]
[Round "5.5"]
[Result "1-0"]
[White "Maxime Vachier-Lagrave"]
[Black "Sebastien Cossin"]
[WhiteElo "2718"]
[BlackElo "2509"]
[PlyCount "87"]

1. e4 d6 2. d4 e5 3. Nf3 Nd7 4. Bc4 c6 5. O-O Be7 6. dxe5 dxe5
7. Ng5 Bxg5 8. Qh5 Qf6 9. Bxg5 Qg6 10. Qxg6 hxg6 11. a4 Ngf6
12. f3 Nc5 13. Be3 Be6 14. Nd2 Nfd7 15. b4 Bxc4 16. Nxc4 Na6
17. c3 b6 18. Rad1 Ke7 19. f4 exf4 20. Bxf4 Rhd8 21. Rd6 Rac8
22. e5 f6 23. Rfd1 g5 24. Re1 Nxe5 25. Rxe5+ Kf8 26. Bxg5 Rxd6
27. Nxd6 Rd8 28. Bxf6 gxf6 29. Re6 Kg7 30. g4 Rd7 31. Nf5+ Kg6
32. Re7 Nb8 33. Rxd7 Nxd7 34. Ne7+ Kg5 35. Nxc6 a5 36. h3 b5
37. bxa5 bxa4 38. a6 a3 39. Nb4 Nb6 40. a7 Na8 41. Kf2 Kf4
42. c4 Ke4 43. h4 Kf4 44. h5 1-0

[Event "French Team Championship"]
[Site "Haguenau FRA"]
[Date "2013.06.04"]
[EventDate "2013.05.30"]
[Round "6.1"]
[Result "1/2-1/2"]
[White "Andrei Volokitin"]
[Black "Maxime Vachier-Lagrave"]
[WhiteElo "2687"]
[BlackElo "2718"]
[PlyCount "63"]

1. e4 c5 2. Nf3 Nc6 3. d4 cxd4 4. Nxd4 g6 5. c4 Nf6 6. Nc3 d6
7. Be2 Nxd4 8. Qxd4 Bg7 9. Be3 O-O 10. Qd2 a5 11. f3 a4
12. Rc1 Qa5 13. Rc2 Bd7 14. Nd5 Nxd5 15. cxd5 Qxd2+ 16. Kxd2
b5 17. Rc7 Rfd8 18. Kc2 Rdc8 19. Rxc8+ Rxc8+ 20. Kb1 f5
21. Rc1 Rxc1+ 22. Kxc1 fxe4 23. fxe4 Be5 24. h3 Kf7 25. Kc2 e6
26. g4 exd5 27. exd5 Kf6 28. h4 Bg3 29. Bd4+ Be5 30. Be3 Bg3
31. Bd4+ Be5 32. Be3 1/2-1/2

[Event "French Team Championship"]
[Site "Haguenau FRA"]
[Date "2013.06.05"]
[EventDate "2013.05.30"]
[Round "7.1"]
[Result "1-0"]
[White "Maxime Vachier-Lagrave"]
[Black "David Navara"]
[WhiteElo "2718"]
[BlackElo "2697"]
[PlyCount "113"]

1. d4 Nf6 2. c4 e6 3. Nf3 b6 4. g3 Bb4+ 5. Bd2 Bxd2+ 6. Qxd2
Ba6 7. b3 d5 8. Bg2 O-O 9. O-O c5 10. Rd1 Nc6 11. cxd5 Ne4
12. Qb2 exd5 13. dxc5 bxc5 14. e3 Rc8 15. Nbd2 Qf6 16. Qxf6
Nxf6 17. Bh3 Rc7 18. Rdc1 Na5 19. Rc3 Nb7 20. b4 Bc4 21. bxc5
Nxc5 22. Nxc4 Nce4 23. Rc2 dxc4 24. Rac1 Rb8 25. Rxc4 Rxc4
26. Rxc4 Rb1+ 27. Kg2 g6 28. Rc2 Nd5 29. Nd2 Nxd2 30. Rxd2 Nb4
31. a3 Nc6 32. Rd5 Rc1 33. Bd7 Kf8 34. g4 Ke7 35. Bxc6 Rxc6
36. Ra5 a6 37. h4 Kf6 38. f4 Kg7 39. Kf3 Re6 40. h5 Rc6
41. Ke4 Rb6 42. Kf3 Kh6 43. a4 Kg7 44. Rd5 Rb4 45. Rd4 Rb6
46. Rd7 gxh5 47. gxh5 Rb4 48. Rd4 Rb6 49. Rd5 h6 50. Ra5 Kf8
51. e4 Ke7 52. Kg4 Kf8 53. Kf5 Kg7 54. e5 Kf8 55. Rc5 Kg7
56. Rc7 Kf8 57. a5 1-0

[Event "Biel"]
[Site "Biel SUI"]
[Date "2013.07.22"]
[EventDate "2012.07.22"]
[Round "1.2"]
[Result "1/2-1/2"]
[White "Maxime Vachier-Lagrave"]
[Black "Richard Rapport"]
[WhiteElo "2719"]
[BlackElo "2693"]
[PlyCount "44"]

1. e4 e5 2. Nf3 Nc6 3. Bb5 Nd4 4. Nxd4 exd4 5. O-O Bc5 6. b4
Bb6 7. c4 c6 8. Ba4 Ne7 9. d3 O-O 10. Nd2 d5 11. exd5 cxd5
12. Re1 Bc7 13. Nf3 Ng6 14. h3 h6 15. Bb2 Bxh3 16. gxh3 Qc8
17. Nxd4 Qxh3 18. Qf3 Bh2+ 19. Kh1 Bg3+ 20. Kg1 Bh2+ 21. Kh1
Bg3+ 22. Kg1 Bh2+ 1/2-1/2

[Event "Biel"]
[Site "Biel SUI"]
[Date "2013.07.23"]
[EventDate "2012.07.22"]
[Round "2.3"]
[Result "0-1"]
[White "Ian Nepomniachtchi"]
[Black "Maxime Vachier-Lagrave"]
[WhiteElo "2717"]
[BlackElo "2719"]
[PlyCount "126"]

1. d4 Nf6 2. c4 g6 3. Nc3 d5 4. Nf3 Bg7 5. h4 c5 6. dxc5 Na6
7. cxd5 Qa5 8. Nd2 Nxc5 9. Nc4 Qb4 10. e3 Nxd5 11. Qxd5 Be6
12. Nd6+ exd6 13. Qd2 O-O 14. Be2 Rac8 15. h5 Ne4 16. Nxe4
Qxe4 17. O-O d5 18. Qd1 Rfd8 19. hxg6 hxg6 20. Bd3 Qh4 21. Bd2
d4 22. e4 Rc5 23. g3 Qh3 24. Qf3 Bg4 25. Qg2 Qh5 26. Rfc1 Rdc8
27. f4 Rxc1+ 28. Rxc1 Rxc1+ 29. Bxc1 Qa5 30. Qc2 Qxa2 31. f5
Qa5 32. Bd2 Qa1+ 33. Kg2 Qd1 34. Qxd1 Bxd1 35. fxg6 fxg6
36. Bc4+ Kh7 37. Bf4 d3 38. e5 d2 39. Bxd2 Bxe5 40. b4 Kg7
41. Bg5 Bf6 42. Bf4 Bc3 43. b5 Kf6 44. Be3 b6 45. Bf4 Be5
46. Be3 g5 47. Kh3 Bf3 48. g4 Be4 49. Bd2 Bf4 50. Bc3+ Ke7
51. Bb4+ Kd7 52. Ba3 Kc7 53. Be7 Bb7 54. Bb4 Kb8 55. Be1 Bc8
56. Bf2 Kc7 57. Be1 Kd6 58. Bb4+ Ke5 59. Bc3+ Ke4 60. Bf6 Bb7
61. Bf1 Ke3 62. Bc4 Be4 63. Bb2 Kd2 0-1

[Event "Biel"]
[Site "Biel SUI"]
[Date "2013.07.24"]
[EventDate "2013.07.22"]
[Round "3"]
[Result "1/2-1/2"]
[White "Maxime Vachier-Lagrave"]
[Black "Etienne Bacrot"]
[WhiteElo "2719"]
[BlackElo "2714"]
[PlyCount "80"]

1. c4 e5 2. Nc3 Nf6 3. Nf3 Nc6 4. g3 g6 5. Bg2 Bg7 6. O-O O-O
7. d3 d6 8. b3 Nh5 9. Ba3 f5 10. Rc1 f4 11. b4 Bh6 12. b5 Ne7
13. d4 fxg3 14. hxg3 Bxc1 15. Qxc1 exd4 16. Nxd4 Ng7 17. c5
Rf7 18. Rd1 dxc5 19. Bxc5 Qe8 20. Ne4 Kh8 21. Ng5 Rf6 22. Qe3
Ng8 23. Qxe8 Nxe8 24. Bd5 Nd6 25. e4 h6 26. e5 hxg5 27. exf6
Nxf6 28. Bg2 Nfe4 29. Bxd6 Nxd6 30. Rc1 a6 31. Rxc7 Nxb5
32. Nxb5 axb5 33. Bd5 Bf5 34. Rxb7 Ra5 35. f3 Bb1 36. g4 Bxa2
37. Bxa2 Rxa2 38. Rxb5 Kg7 39. Rxg5 Kf6 40. Rd5 Rb2 1/2-1/2

[Event "Biel"]
[Site "Biel SUI"]
[Date "2013.07.26"]
[EventDate "2013.07.22"]
[Round "5"]
[Result "1/2-1/2"]
[White "Maxime Vachier-Lagrave"]
[Black "Alexander Moiseenko"]
[WhiteElo "2719"]
[BlackElo "2699"]
[PlyCount "79"]

1. e4 c5 2. Nf3 Nc6 3. c3 Nf6 4. e5 Nd5 5. Bc4 e6 6. d4 cxd4
7. cxd4 d6 8. O-O Be7 9. Qe2 O-O 10. Nc3 Nxc3 11. bxc3 dxe5
12. dxe5 Qa5 13. Bd2 Bd7 14. Rab1 Rab8 15. Bb3 Rfd8 16. Qe4
Be8 17. Rfe1 g6 18. h4 h5 19. Rbd1 Bf8 20. g4 hxg4 21. Qxg4
Bg7 22. h5 gxh5 23. Qxh5 Rxd2 24. Rxd2 Qxc3 25. Re4 Ne7
26. Rc4 Qa5 27. Rg4 Rc8 28. Rd6 Qc3 29. Rxe6 Qc1+ 30. Kg2 fxe6
31. Bxe6+ Kf8 32. Qh7 Qh6 33. Qxh6 Bxh6 34. Bxc8 Nxc8 35. Nd4
Ne7 36. Ne6+ Kf7 37. Nd8+ Kf8 38. Ne6+ Kf7 39. Nd8+ Kf8
40. Ne6+ 1/2-1/2

[Event "Biel"]
[Site "Biel SUI"]
[Date "2013.07.30"]
[EventDate "2012.07.22"]
[Round "8.2"]
[Result "1/2-1/2"]
[White "Etienne Bacrot"]
[Black "Maxime Vachier-Lagrave"]
[WhiteElo "2714"]
[BlackElo "2719"]
[PlyCount "132"]

1. d4 Nf6 2. c4 g6 3. Nc3 d5 4. cxd5 Nxd5 5. e4 Nxc3 6. bxc3
Bg7 7. Bc4 c5 8. Ne2 Nc6 9. Be3 O-O 10. O-O b6 11. dxc5 Qc7
12. Nd4 Ne5 13. Nb5 Qb8 14. Be2 a6 15. Na3 bxc5 16. Bxc5 Qc7
17. Bd4 Rd8 18. Qc1 Ng4 19. Bxg4 Bxg4 20. Qe3 Rab8 21. Bxg7
Kxg7 22. Nc2 Rbc8 23. Qg5 Be2 24. Rfe1 h6 25. Qc1 Bd3 26. Nb4
Qxc3 27. Qxc3+ Rxc3 28. Nxd3 Rcxd3 29. Kf1 R8d4 30. f3 Ra3
31. Re2 Rda4 32. Kf2 g5 33. Kg3 h5 34. h4 g4 35. Kf4 Kf6
36. Rc1 e5+ 37. Kg3 Rxa2 38. Rc6+ Kg7 39. Rxa2 Rxa2 40. Rc5 f6
41. Rc7+ Kg6 42. Rc8 a5 43. fxg4 Ra3+ 44. Kf2 hxg4 45. Rg8+
Kh7 46. Rxg4 a4 47. h5 Rb3 48. Rh4 a3 49. Rh1 Kh6 50. g4 a2
51. Ra1 Rh3 52. Kg1 Ra3 53. Kf2 Kg5 54. Kg2 Kxg4 55. h6 Rg3+
56. Kf1 Kf3 57. Rxa2 Kxe4 58. Rf2 f5 59. Re2+ Kd5 60. Rh2 Rg8
61. h7 Rh8 62. Kf2 Ke6 63. Rh6+ Kf7 64. Kg3 Kg7 65. Re6 Rxh7
66. Rxe5 Kf6 1/2-1/2

[Event "Biel"]
[Site "Biel SUI"]
[Date "2013.07.31"]
[EventDate "2013.07.22"]
[Round "9"]
[Result "1-0"]
[White "Alexander Moiseenko"]
[Black "Maxime Vachier-Lagrave"]
[WhiteElo "2699"]
[BlackElo "2719"]
[PlyCount "81"]

1. d4 Nf6 2. c4 g6 3. Nc3 d5 4. cxd5 Nxd5 5. e4 Nxc3 6. bxc3
Bg7 7. Qa4+ Qd7 8. Qb3 O-O 9. Be3 b6 10. Nf3 Bb7 11. Bd3 c5
12. O-O cxd4 13. cxd4 Nc6 14. Bb5 a6 15. Be2 b5 16. d5 Ne5
17. Nd4 Rfc8 18. a4 Nc4 19. axb5 axb5 20. Rxa8 Rxa8 21. Bxc4
bxc4 22. Qxc4 Rc8 23. Qa2 Bxd4 24. Bxd4 e6 25. Ba1 exd5
26. Qb2 d4 27. f3 Rd8 28. Qb6 Qe7 29. Rd1 f5 30. exf5 Rd6
31. Qb3+ Bd5 32. Qb8+ Rd8 33. Qg3 Bf7 34. Qf2 Bb3 35. Re1 Qd6
36. fxg6 hxg6 37. h3 Qf4 38. Re4 Qc1+ 39. Re1 Qf4 40. Bb2 d3
41. Qb6 1-0

[Event "Biel (Playoffs)"]
[Site "Biel SUI"]
[Date "2013.08.02"]
[EventDate "2013.08.02"]
[Round "2.1"]
[Result "1-0"]
[White "Maxime Vachier-Lagrave"]
[Black "Alexander Moiseenko"]
[WhiteElo "2719"]
[BlackElo "2699"]
[PlyCount "45"]

1. e4 c5 2. Nf3 Nc6 3. c3 d5 4. exd5 Qxd5 5. d4 Bf5 6. Be3 Nf6
7. Na3 cxd4 8. Bc4 Qa5 9. Nxd4 Nxd4 10. Bxd4 e5 11. Bb5+ Bd7
12. Bxd7+ Nxd7 13. Nc4 Qd5 14. Qe2 Be7 15. Nxe5 Nxe5 16. Qxe5
Qxg2 17. Qb5+ Kf8 18. O-O-O Qg5+ 19. Qxg5 Bxg5+ 20. Kc2 Be7
21. Rhe1 f6 22. Bxa7 Rd8 23. Bc5 1-0

[Event "Biel (Playoffs)"]
[Site "Biel SUI"]
[Date "2013.08.02"]
[EventDate "2013.08.02"]
[Round "2.2"]
[Result "1/2-1/2"]
[White "Alexander Moiseenko"]
[Black "Maxime Vachier-Lagrave"]
[WhiteElo "2699"]
[BlackElo "2719"]
[PlyCount "153"]

1. d4 Nf6 2. c4 g6 3. Nc3 d5 4. cxd5 Nxd5 5. e4 Nxc3 6. bxc3
c5 7. Bb5+ Nd7 8. Nf3 Bg7 9. O-O O-O 10. h3 b6 11. Qe2 Bb7
12. Bg5 h6 13. Bh4 cxd4 14. cxd4 Nf6 15. d5 a6 16. Ba4 Nh5
17. Rad1 Qd6 18. e5 Qc5 19. Bb3 Rac8 20. Qe4 e6 21. g4 g5
22. gxh5 gxh4 23. Qg4 Kh8 24. Kh2 Rg8 25. Qxh4 a5 26. Rc1 Qxc1
27. Rxc1 Rxc1 28. Qf4 Rc3 29. Nd2 Rd3 30. Ne4 Rd4 31. Qe3
Bxe5+ 32. f4 Rxe4 33. Qxe4 Bf6 34. Qe3 a4 35. Bc4 b5 36. Qb6
bxc4 37. Qxb7 exd5 38. Qxf7 Bg7 39. Qxd5 c3 40. Qc4 a3 41. Kg3
Rd8 42. f5 Bf6 43. Kf3 Kg7 44. Qc7+ Kf8 45. Qc5+ Kg7 46. Qa7+
Kg8 47. Qxa3 Rd2 48. Qb3+ Kg7 49. Qb7+ Kf8 50. Qc8+ Kf7
51. Qc7+ Kf8 52. a4 c2 53. Ke4 Bg5 54. f6 Bxf6 55. a5 Ke8
56. a6 Bd4 57. Qc8+ Ke7 58. Qc7+ Ke8 59. Kf5 Rf2+ 60. Ke6 Re2+
61. Kd5 Ba7 62. Qc6+ Ke7 63. Qb7+ Kf6 64. Qb2+ Kf7 65. h4 Bb6
66. Kd6 Re6+ 67. Kd7 Re7+ 68. Kd6 Re6+ 69. Kd5 Re2 70. Qa3 Re3
71. Qc1 Rc3 72. Qf4+ Kg8 73. Qb8+ Kf7 74. Qf4+ Kg8 75. Qb8+
Kf7 76. Qf4+ Kg8 77. Qb8+ 1/2-1/2

[Event "World Cup"]
[Site "Tromso NOR"]
[Date "2013.08.22"]
[EventDate "2013.08.11"]
[Round "4.4"]
[Result "1/2-1/2"]
[White "Boris Gelfand"]
[Black "Maxime Vachier-Lagrave"]
[WhiteElo "2764"]
[BlackElo "2719"]
[PlyCount "144"]

1. d4 d5 2. c4 c6 3. Nf3 Nf6 4. e3 Bg4 5. h3 Bxf3 6. Qxf3 e6
7. Nc3 Nbd7 8. Bd3 Bd6 9. cxd5 exd5 10. g4 Nf8 11. g5 N6d7
12. h4 Ne6 13. Bd2 Qe7 14. O-O-O O-O-O 15. Qg4 g6 16. Rhe1 f5
17. gxf6 Nxf6 18. Qh3 Kb8 19. Kb1 Rhe8 20. Rg1 Ka8 21. Bc1 Rf8
22. Rg2 c5 23. dxc5 Nxc5 24. Bc2 Be5 25. Ne2 Rc8 26. Nd4 Nfe4
27. f3 Nd6 28. h5 g5 29. h6 Bf6 30. Nf5 Qe6 31. Qg4 Nc4
32. Nd4 Qe7 33. Re2 Ne5 34. Qf5 Bh8 35. Qh3 a6 36. f4 Nc4
37. fxg5 Ne4 38. Bd3 Nxg5 39. Qg4 Ne5 40. Qg2 Nxd3 41. Rxd3
Ne4 42. Rd1 Qb4 43. Ka1 Bxd4 44. exd4 Qxd4 45. Ree1 Qc4
46. Qg7 Rf2 47. Be3 Rc2 48. Qd4 Qxd4 49. Rxd4 Nf6 50. Kb1 R2c6
51. Bg5 Ne4 52. Bc1 Nf6 53. b3 Ne4 54. Bf4 Rf6 55. Be3 Rfc6
56. Rd3 Rg8 57. Kb2 Rg2+ 58. Ka3 Nc3 59. Rxc3 Rxc3 60. Bd4 Rc8
61. Re7 Rh2 62. Rxh7 Re8 63. Bb6 Rh4 64. Bf2 Rh2 65. Bg3 Rh3
66. Bf4 Rh4 67. Bg5 Rh5 68. Bf6 Rh2 69. Kb4 Rc8 70. Bg5 Rh5
71. Be3 d4 72. Bxd4 Rh4 1/2-1/2

[Event "World Cup"]
[Site "Tromso NOR"]
[Date "2013.08.25"]
[EventDate "2013.08.11"]
[Round "5.4"]
[Result "1-0"]
[White "Maxime Vachier-Lagrave"]
[Black "Fabiano Caruana"]
[WhiteElo "2719"]
[BlackElo "2796"]
[PlyCount "131"]

1. d4 f5 2. g3 Nf6 3. Bg2 d6 4. Nc3 d5 5. Nf3 e6 6. O-O Be7
7. Bf4 O-O 8. Nb5 Ne8 9. c4 c6 10. Nc3 Nd7 11. Qb3 Kh8
12. Rad1 Nd6 13. cxd5 exd5 14. Ne5 Nf6 15. Nd3 Nh5 16. e3 Qe8
17. Rfe1 Nf6 18. f3 Qd8 19. Re2 b6 20. Qa4 Bd7 21. Ne5 Be8
22. Rc1 Rc8 23. Qd1 h6 24. Nd3 Bf7 25. Bh3 Be6 26. Qa4 Bd7
27. Qc2 Qe8 28. Be5 Nh7 29. Bg2 Ng5 30. Qa4 Ra8 31. Rce1 Nc4
32. Bf4 Ne6 33. Qd1 Bf6 34. b3 Na5 35. Bd6 Rg8 36. Be5 Qf7
37. Qc2 Rae8 38. Rf2 h5 39. Ne2 Nb7 40. e4 c5 41. exd5 Nxd4
42. Nxd4 cxd4 43. f4 Bb5 44. a4 Rc8 45. Qd2 Bd7 46. Rfe2 Rge8
47. Bxf6 gxf6 48. Ne5 Qg7 49. Nxd7 Qxd7 50. Qxd4 Kg7 51. Bf3
Nc5 52. d6 Rxe2 53. Rxe2 Re8 54. Bxh5 Rxe2 55. Bxe2 Nxb3
56. Qd5 Nc5 57. Bb5 Qf7 58. Qxf7+ Kxf7 59. h4 Nb7 60. d7 Nd8
61. Bc4+ Kf8 62. Bd5 a6 63. Kf2 b5 64. axb5 axb5 65. Ke3 Ke7
66. h5 1-0

[Event "European Club Cup"]
[Site "Rhodes GRE"]
[Date "2013.10.21"]
[EventDate "2013.10.20"]
[Round "2.1"]
[Result "1/2-1/2"]
[White "Andreas Heimann"]
[Black "Maxime Vachier-Lagrave"]
[WhiteElo "2493"]
[BlackElo "2742"]
[PlyCount "39"]

1. d4 Nf6 2. c4 g6 3. Nc3 d5 4. Bg5 Bg7 5. Bxf6 Bxf6 6. cxd5
c5 7. dxc5 Nd7 8. e3 O-O 9. Bc4 Nxc5 10. Nge2 Bd7 11. O-O Rc8
12. Rc1 Qb6 13. b3 Rfd8 14. Nd4 Kg7 15. a3 a5 16. a4 Qb4
17. Na2 Qb6 18. Nc3 Qb4 19. Na2 Qb6 20. Nc3 1/2-1/2